Missing Word: Star Wars Films Quiz Stats

 Plays Quiz Updated Apr 15, 2019

Score 0/12 Timer 04:00
1 Play Today
Film Title Missing Word % Correct
Star Wars: Episode V - The ______ Strikes BackEmpire
99%
Star Wars: Episode VI - Return of the ____Jedi
98.2%
Star Wars: Episode III - Revenge of the ____Sith
95.8%
Star Wars: Episode VII - The _____ AwakensForce
95.7%
Star Wars: Episode I - The Phantom ______Menace
95.1%
Star Wars: Episode VIII - The ____ JediLast
93.5%
Star Wars: Episode IV - A New ____Hope
91.7%
Star Wars: Episode II - ______ of the ClonesAttack
91.3%
____: A Star Wars StorySolo
85.9%
Star Wars: The _____ WarsClone
85.8%
_____ One: A Star Wars StoryRogue
85.2%
Star Wars: Episode IX - The ____ of SkywalkerRise
78%

Today's Daily Dose

Word Ladder
Lean on Me

Get the Picture
Superhero by Villain

You're not logged in!

Compare scores with friends on all Sporcle quizzes.
OR
Log In

Sporcle TV

Today on Sporcle TV


Watch our educational content, quiz creation guides, and fun videos on Sporcle TV.

Show Comments

Extras

Top Quizzes Today


Score Distribution

Your Account Isn't Verified!

In order to create a playlist on Sporcle, you need to verify the email address you used during registration. Go to your Sporcle Settings to finish the process.

Report this User

Report this user for behavior that violates our Community Guidelines.

Details: